[Event "Ch Poland (team) (3 liga) (region)"]
[Site "masterchessopen.com – Poland"]
[Date "2008.11.09"]
[Round "1"]
[White "Lewandowski Krzysztof (POL)"]
[Black "Maslowski Tomasz (POL)"]
[Result "0-1"]
[WhiteElo "2163"]
[BlackElo "2289"]

1.d4 g6 2.c4 Bg7 3.e4 d6 4.Nc3 Nf6 5.f3 O-O 6.Be3 Nc6 7.Nge2 a6 8.Qd2 Rb8
9.Nc1 e5 10.d5 Nd4 11.N1e2 c5 12.dxc6 bxc6 13.Nxd4 exd4 14.Bxd4 d5 15.exd5
cxd5 16.cxd5 Rb4 17.Bc5 Rxb2 18.Qxb2 Nxd5 19.Rc1 Re8+ 20.Kf2 Qa5 21.Ba7 Nxc3
22.Qb3 Qc7 23.Bb6 Ne4+ 24.fxe4 Qf4+ 25.Qf3 Qxc1 26.Be3 Qc2+ 27.Be2 Bb7 28.Rc1
Qxa2 29.Kg1 Bxe4 30.Qg3 Qxe2 {#R} 0-1

[Event "It (open)"]
[Site "masterchessopen.com – Litomysl (Czech Republic)"]
[Round "7"]
[White "Zakharchenko Arnold (UKR)"]
[Black "Svana Peter (SVK)"]
[Result "1-0"]
[WhiteElo "2288"]
[BlackElo "2186"]

1.d4 Nf6 2.c4 g6 3.Nc3 Bg7 4.e4 d6 5.f3 O-O 6.Be3 Nc6 7.Nge2 a6 8.Qd2 Rb8 9.h4
Re8 10.h5 e5 11.hxg6 fxg6 12.d5 Ne7 13.g4 c6 14.Ng3 cxd5 15.cxd5 b5 16.O-O-O
Qa5 17.Kb1 b4 18.Nce2 Nd7 19.Nc1 Nc5 20.Nb3 Nxb3 21.axb3 Bd7 22.Bh6 Bh8 23.Qh2
Rbc8 24.Bg5 Bg7 25.Bxe7 Rxe7 26.Qxh7+ Kf7 27.Rh6 Qc5 28.Bc4 Qf2 29.Rxg6 Kf8
30.Nh5 Qxf3 31.Rf1 {#r} 1-0

[Event "Tournament (open) \"]
[Site "masterchessopen.com – Uljanovsk (Russia)"]
[Date "2009.01.05"]
[Round "6"]
[White "Filonov Konstantin (RUS)"]
[Black "Galaev Artem (RUS)"]
[Result "1-0"]
[WhiteElo "1882"]
[BlackElo "1677"]

1.d4 Nf6 2.c4 g6 3.Nc3 Bg7 4.e4 d6 5.f3 O-O 6.Be3 Nc6 7.Nge2 a6 8.Qd2 Rb8
9.Nc1 Bd7 10.Nb3 Qc8 11.h4 h5 12.Bh6 Nd8 13.Bxg7 Kxg7 14.O-O-O Bb5 15.e5 Ng8
16.Rg1 Bxc4 17.Bxc4 {#r} 1-0

[Event "Ch Czech Republic (juniors) (under 14)"]
[Site "masterchessopen.com – Kouty nad Desnou (Czech Republic)"]
[Date "2009.03.09"]
[Round "4"]
[White "Marikova Jana (CZE)"]
[Black "Otradovec Lubos (CZE)"]
[Result "0-1"]
[WhiteElo "1779"]
[BlackElo "1894"]

1.d4 Nf6 2.c4 g6 3.Nc3 Bg7 4.e4 d6 5.f3 O-O 6.Be3 a6 7.Qd2 Nc6 8.Nge2 Rb8
9.Ng3 e5 10.d5 Nd4 11.Nge2 Nxe2 12.Bxe2 Bd7 13.O-O Ne8 14.b4 f5 15.c5 f4
16.Bf2 g5 17.Rfc1 h5 18.Qd1 Nf6 19.Qb3 Rf7 20.c6 Bc8 21.cxb7 Bxb7 22.Nd1 g4
23.Bh4 Bc8 24.Nf2 g3 25.hxg3 fxg3 26.Bxg3 Bh6 27.Rc2 Nh7 28.Nd1 Rg7 29.Kf2 Qg5
{#R} 0-1

[Event "Ch Region (rural chessplayers)"]
[Site "masterchessopen.com – Lipetsk (Russia)"]
[Date "2009.03.28"]
[Round "8"]
[White "Kosarev Andrei M (RUS)"]
[Black "Grishchenko Sergey (RUS)"]
[Result "0-1"]
[WhiteElo "2331"]
[BlackElo "2456"]

1.d4 Nf6 2.c4 g6 3.Nc3 Bg7 4.e4 d6 5.f3 O-O 6.Be3 Nc6 7.Nge2 a6 8.Qd2 Rb8
9.Nc1 e5 10.dxe5 Nxe5 11.Be2 Be6 12.b3 b5 13.cxb5 axb5 14.Bxb5 d5 15.Bc5 dxe4
16.Bxf8 Qxf8 17.fxe4 Rxb5 18.Nxb5 Nxe4 19.Qa5 Nc6 20.Qxc7 Qb4+ {#R} 0-1

[Event "It (open) \"]
[Site "masterchessopen.com – Copenhagen (Denmark)"]
[Date "2009.05.09"]
[Round "6"]
[White "Nielsen Thomas Bach (DEN)"]
[Black "Brondum Eric (DEN)"]
[Result "0-1"]
[WhiteElo "2228"]
[BlackElo "2122"]

1.d4 Nf6 2.c4 d6 3.Nc3 g6 4.e4 Bg7 5.f3 O-O 6.Be3 Nc6 7.Nge2 a6 8.Qd2 Rb8 9.h4
h5 10.Nc1 e5 11.d5 Nd4 12.N1e2 c5 13.dxc6 bxc6 14.Bxd4 exd4 15.Nxd4 Qb6 16.Na4
Nxe4 17.Nxb6 Nxd2 18.Nxc8 Rfxc8 19.Nxc6 Rxc6 20.Kxd2 Rxb2+ 21.Kd3 d5 {#R} 0-1

[Event "Ch Germany (juniors) (Internet) (under 18) (qual1)"]
[Site "masterchessopen.com – Internet"]
[Date "2009.05.10"]
[Round "7"]
[White "Savchenko Alekseij (GER)"]
[Black "Woellermann Jan (GER)"]
[Result "1-0"]
[WhiteElo "2246"]
[BlackElo "2097"]

1.d4 Nf6 2.c4 g6 3.Nc3 Bg7 4.e4 d6 5.f3 O-O 6.Be3 Nc6 7.Nge2 Rb8 8.Qd2 a6 9.a3
b5 10.cxb5 axb5 11.b4 Nd7 12.d5 Nce5 13.Nd4 Nb6 14.Bxb5 Nbc4 15.Qe2 Nxe3
16.Qxe3 Rxb5 17.Ncxb5 c6 18.dxc6 Qb6 19.Rc1 Ba6 20.Qe2 Nd3+ 21.Qxd3 Bxd4
22.Qxd4 Qxb5 23.Kf2 Qe2+ 24.Kg3 h5 25.h4 Bc8 26.Rhe1 Qa2 27.b5 g5 28.Qe3 f6
29.b6 Kh7 30.Re2 Qe6 31.b7 gxh4+ 32.Kf2 {#r} 1-0

[Event "Tournament (open)"]
[Site "masterchessopen.com – Vladivostok (Russia)"]
[Round "5"]
[White "Fedorov Evgueny (RUS)"]
[Black "Yun Svetomir (RUS)"]
[Result "1-0"]
[WhiteElo "2244"]
[BlackElo "2034"]

1.d4 Nf6 2.c4 g6 3.Nc3 Bg7 4.e4 d6 5.f3 O-O 6.Be3 Nc6 7.Qd2 a6 8.Nge2 Rb8
9.Ng3 Re8 10.h4 e5 11.d5 Nd4 12.h5 b5 13.cxb5 Nxb5 14.Bxb5 axb5 15.hxg6 fxg6
16.Bh6 Re7 17.Bxg7 Kxg7 18.Qg5 b4 19.Nce2 Kf7 20.f4 exf4 21.Qxf4 Kg7 22.O-O
Re5 23.Nd4 Bd7 24.Rac1 Re8 25.Rxc7 Qxc7 26.Qxf6+ Kg8 27.Qf7+ Kh8 28.Nh5 gxh5
29.Qf6+ Kg8 30.Qg5+ Kh8 31.Rf7 {#r} 1-0

[Event "Ch Bulgaria (team) (2 div)"]
[Site "masterchessopen.com – Sunny Beach (Bulgaria)"]
[Date "2009.06.08"]
[Round "1"]
[White "Bojchev Marian (BUL)"]
[Black "Jankov Janko (BUL)"]
[Result "1-0"]
[WhiteElo "2389"]
[BlackElo "2205"]

1.d4 Nf6 2.c4 g6 3.Nc3 Bg7 4.e4 d6 5.f3 O-O 6.Be3 Nc6 7.Qd2 a6 8.Nge2 Rb8 9.d5
Ne5 10.Ng3 c5 11.h3 b5 12.cxb5 Qa5 13.f4 Ned7 14.a4 Ne8 15.Ra3 Qb4 16.Be2 axb5
17.axb5 Nb6 18.O-O Nc4 19.Bxc4 Qxc4 20.Nge2 Rxb5 21.Nxb5 Qxb5 22.Nc3 Qb4
23.Qc2 Nc7 24.Rfa1 Bd7 25.Rb3 Qc4 26.Rb7 {#r} 1-0

[Event "Memorial Petrosian (open)"]
[Site "masterchessopen.com – Uljanovsk (Russia)"]
[Date "2009.06.27"]
[Round "6"]
[White "Chaplygin Anton (RUS)"]
[Black "Olisov Andrey (RUS)"]
[Result "0-1"]
[WhiteElo "2009"]
[BlackElo "2104"]

1.d4 Nf6 2.c4 g6 3.Nc3 Bg7 4.e4 d6 5.f3 O-O 6.Be3 Nc6 7.Qd2 a6 8.Nge2 Rb8
9.Nc1 e5 10.Nb3 exd4 11.Nxd4 Nxd4 12.Bxd4 c5 13.Be3 b5 14.cxb5 axb5 15.Nxb5
Nxe4 16.fxe4 Qh4+ 17.Qf2 Qxe4 18.O-O-O Bd7 19.Bd3 Qa8 20.Nc3 Bxc3 21.bxc3 Qa3+
22.Kd2 Rb2+ 23.Bc2 Rxc2+ 24.Kxc2 Rb8 25.Rb1 Qxa2+ 26.Kd3 Qd5+ 27.Bd4 Bf5+
28.Ke2 Bxb1 {#R} 0-1

[Event "It \"]
[Site "masterchessopen.com – Edmonton (Canada)"]
[Date "2009.07.12"]
[Round "2"]
[White "Sohal Tanraj (CAN)"]
[Black "Quan Zhe (CAN)"]
[Result "0-1"]
[WhiteElo "1940"]
[BlackElo "2421"]

1.d4 Nf6 2.c4 g6 3.Nc3 Bg7 4.e4 d6 5.f3 O-O 6.Be3 Nc6 7.Nge2 a6 8.Qd2 Rb8
9.Bh6 b5 10.Bxg7 Kxg7 11.cxb5 axb5 12.d5 Na5 13.Nd4 b4 14.Ncb5 e5 15.Nb3 Nxb3
16.axb3 Bd7 17.Qxb4 Nh5 18.g3 Qg5 19.Be2 Bxb5 20.Bxb5 Qe3+ 21.Kd1 Qxf3+ 22.Kc2
Qg2+ 23.Kc3 Nf6 24.Rae1 Qf3+ 25.Kd2 Qf2+ 26.Kc3 Qb6 {#R} 0-1

[Event "Ch Germany (seniors)"]
[Site "masterchessopen.com – Dresden (Germany)"]
[Date "2009.08.04"]
[Round "2"]
[White "Ophoff Rigobert (GER)"]
[Black "Lenk Wolfgang (GER)"]
[Result "0-1"]
[WhiteElo "2056"]
[BlackElo "2215"]

1.d4 Nf6 2.c4 g6 3.Nc3 Bg7 4.e4 d6 5.f3 O-O 6.Be3 Nc6 7.Qd2 a6 8.Nge2 Rb8
9.Nc1 e5 10.d5 Nd4 11.Nb3 c5 12.dxc6 bxc6 13.Nxd4 exd4 14.Bxd4 d5 15.cxd5 cxd5
16.Nxd5 Nxd5 17.Bxg7 Kxg7 18.exd5 Re8+ 19.Be2 Qf6 20.O-O-O Bf5 21.Bc4 Rec8
22.Qd4 Rxc4+ {#R} 0-1

[Event "It (young masters)"]
[Site "masterchessopen.com – Enschede (Netherlands)"]
[Date "2009.08.04"]
[Round "5"]
[White "Miedema Roi (NED)"]
[Black "Van Assendelft Floris (NED)"]
[Result "1-0"]
[WhiteElo "2432"]
[BlackElo "2332"]

1.d4 Nf6 2.c4 g6 3.Nc3 Bg7 4.e4 d6 5.f3 O-O 6.Be3 Nc6 7.Nge2 a6 8.Qd2 Rb8
9.Rc1 Bd7 10.Nd1 b5 11.c5 Re8 12.Nf2 Bf8 13.Nd3 e5 14.d5 Nd4 15.c6 Bc8 16.Nf2
Nxe2 17.Bxe2 Nh5 18.Nd3 f5 19.Qb4 Be7 20.g4 Bh4+ 21.Kd1 fxg4 22.fxg4 Nf6 23.h3
a5 24.Qxa5 Nxe4 25.Qa7 Bg5 26.Bxg5 Qxg5 27.Rc2 Nf6 28.h4 {#r} 1-0

[Event "Cup Independence (open) (b)"]
[Site "masterchessopen.com – Kiev (Ukraine)"]
[Date "2009.08.04"]
[Round "2"]
[White "Trotsenko Yaroslav (UKR)"]
[Black "Radzhabov Roman (RUS)"]
[Result "1-0"]
[WhiteElo "1833"]
[BlackElo "2066"]

1.d4 Nf6 2.c4 g6 3.Nc3 Bg7 4.e4 d6 5.f3 Nc6 6.Be3 O-O 7.Nge2 a6 8.Qd2 Rb8
9.Nc1 Re8 10.Nb3 Bd7 11.Be2 e5 12.d5 Ne7 13.c5 Nh5 14.O-O f5 15.Rac1 f4 16.Bf2
g5 17.a4 Nf6 18.a5 h5 19.cxd6 cxd6 20.Bb6 Qc8 21.Na2 Nc6 22.dxc6 bxc6 23.Nb4
Ra8 24.Qxd6 Kh8 25.Nc5 {#r} 1-0

[Event "Memorial E.Geller (open)"]
[Site "masterchessopen.com – Odessa (Ukraine)"]
[Date "2009.08.20"]
[Round "1"]
[White "Zaichuk Vitaliy (UKR)"]
[Black "Bogdanov Oleksi (UKR)"]
[Result "0-1"]
[WhiteElo "2023"]
[BlackElo "2287"]

1.d4 Nf6 2.c4 g6 3.f3 Bg7 4.e4 d6 5.Nc3 O-O 6.Be3 Nc6 7.Qd2 a6 8.Nge2 Rb8
9.Rc1 Bd7 10.Nd1 b5 11.c5 d5 12.Nf2 dxe4 13.fxe4 Ng4 14.Nxg4 Bxg4 15.d5 Ne5
16.Nd4 c6 17.dxc6 Qc7 18.b3 Rbd8 19.Qf2 Qa5+ 20.Bd2 Qa3 21.Nc2 Qxc1+ {#R} 0-1

[Event "It (open)"]
[Site "masterchessopen.com – Vienna (Austria)"]
[Date "2009.08.22"]
[Round "8"]
[White "Liedl Wolfgang (AUT)"]
[Black "Groetz Harald (AUT)"]
[Result "0-1"]
[WhiteElo "2218"]
[BlackElo "2350"]

1.d4 Nf6 2.c4 g6 3.Nc3 Bg7 4.e4 d6 5.f3 O-O 6.Be3 Nc6 7.Qd2 a6 8.Nge2 Rb8
9.Nc1 e5 10.d5 Nd4 11.Nb3 c5 12.dxc6 bxc6 13.Nxd4 exd4 14.Bxd4 Qa5 15.Be2 c5
16.Be3 Rxb2 17.Qxb2 Nxe4 18.O-O Nxc3 19.Rae1 Nd1 20.Qd2 Qxd2 21.Bxd2 Bd4+
22.Kh1 Nf2+ 23.Rxf2 Bxf2 24.Rb1 Bf5 25.Rb6 Re8 26.Bh6 Bd3 {#R} 0-1

[Event "Tournament (open) \"]
[Site "masterchessopen.com – Uljanovsk (Russia)"]
[Date "2009.08.29"]
[Round "8"]
[White "Pirogov Vladislav (RUS)"]
[Black "Grechko Anatoliy (RUS)"]
[Result "1-0"]
[WhiteElo "1598"]
[BlackElo "1954"]

1.d4 Nf6 2.c4 g6 3.Nc3 Bg7 4.e4 d6 5.f3 O-O 6.Be3 Nc6 7.Qd2 a6 8.Nge2 Rb8 9.g4
b5 10.cxb5 axb5 11.Ng3 b4 12.Nb5 Ba6 13.Rc1 Qd7 14.Qc2 Bxb5 15.Bxb5 Rxb5
16.Qxc6 Qxc6 17.Rxc6 Ra5 18.Rxc7 Rxa2 19.Bc1 Ne8 20.Rc4 d5 21.Rxb4 dxe4
22.Nxe4 Nc7 23.Nc3 Ra1 24.O-O Ne6 25.Be3 Ra5 26.Rd1 f5 27.d5 Nc5 28.d6 exd6
29.Rxd6 fxg4 30.fxg4 Bxc3 31.bxc3 Ne4 32.Rxe4 Ra1+ 33.Kg2 Ra2+ {#r} 1-0

[Event "It (open)"]
[Site "masterchessopen.com – Anapa (Russia)"]
[Round "1"]
[White "Churkin Vitaly (RUS)"]
[Black "Ryahovskii Sergey (RUS)"]
[Result "1-0"]
[WhiteElo "2319"]
[BlackElo "1939"]

1.d4 Nf6 2.c4 g6 3.Nc3 Bg7 4.e4 O-O 5.Nge2 d6 6.f3 Nc6 7.Be3 a6 8.Qd2 Rb8 9.h4
h5 10.O-O-O b5 11.Nd5 bxc4 12.Nxf6+ Bxf6 13.g4 Nb4 14.Nc3 hxg4 15.h5 g5
16.Bxg5 Bxg5 17.Qxg5+ Kh7 18.Bxc4 d5 19.exd5 Qd6 20.a3 a5 21.axb4 Rxb4 22.Bd3+
Kh8 23.Bg6 fxg6 24.hxg6+ Kg8 25.Rh8+ {#r} 1-0

[Event "It (open)"]
[Site "masterchessopen.com – Graz (Austria)"]
[Date "2009.09.06"]
[Round "9"]
[White "Zakharchenko Arnold (UKR)"]
[Black "Wiedermann Daniel (AUT)"]
[Result "0-1"]
[WhiteElo "2291"]
[BlackElo "2151"]

1.d4 Nf6 2.c4 g6 3.Nc3 Bg7 4.e4 d6 5.f3 O-O 6.Be3 Nc6 7.Nge2 a6 8.Qd2 Rb8 9.h4
h5 10.Rc1 Bd7 11.Bh6 b5 12.cxb5 axb5 13.Nd5 Nh7 14.Bxg7 Kxg7 15.Nxc7 Qxc7
16.d5 Rfc8 {#R} 0-1

[Event "Ch Russia (Higher League)"]
[Site "masterchessopen.com – Ulan Ude (Russia)"]
[Date "2009.09.07"]
[Round "6"]
[White "Bocharov Dmitry (RUS)"]
[Black "Kokarev Dmitry (RUS)"]
[Result "1-0"]
[WhiteElo "2613"]
[BlackElo "2610"]

1.d4 Nf6 2.c4 g6 3.Nc3 Bg7 4.e4 O-O 5.f3 d6 6.Be3 Nc6 7.Nge2 a6 8.Qd2 Rb8
9.Rc1 Bd7 10.Nd1 e6 11.g3 b5 12.c5 dxc5 13.Rxc5 Re8 14.Bg2 Bf8 15.Rc1 e5 16.d5
Bb4 17.Ndc3 Na5 18.b3 c6 19.O-O cxd5 20.exd5 Nb7 21.Kh1 Rc8 22.g4 h5 23.Bg5
Qb6 24.Bxf6 Qxf6 25.Ne4 Qe7 26.Qh6 Rxc1 27.Rxc1 Nd6 28.N2g3 hxg4 29.Nh5 {#r}
1-0

[Event "It (open)"]
[Site "masterchessopen.com – Paington (England)"]
[Date "2009.09.09"]
[Round "4"]
[White "Hempson Peter W (ENG)"]
[Black "Thompson Robert"]
[Result "1-0"]
[WhiteElo "2102"]
[BlackElo "1835"]

1.d4 Nf6 2.c4 g6 3.Nc3 Bg7 4.e4 d6 5.f3 O-O 6.Be3 Nc6 7.Qd2 a6 8.Nge2 Rb8
9.Bh6 b5 10.Bxg7 Kxg7 11.cxb5 axb5 12.d5 Ne5 13.Nd4 b4 14.Ncb5 e6 15.f4 Nxe4
16.Qe3 Ng4 17.Qxe4 exd5 18.Qxd5 Re8+ 19.Be2 Ne3 20.Qg5 f6 21.Qg3 Bd7 22.Kf2 c5
23.Nxd6 cxd4 24.Nxe8+ Bxe8 25.Rac1 Qb6 26.f5 Bc6 27.Qd6 Bxg2 28.Rc7+ Kh6
29.Qg3 Nxf5 30.Qf4+ g5 31.Qxf5 {#r} 1-0

[Event "Tournament (open)"]
[Site "masterchessopen.com – Madrid (Spain)"]
[Date "2009.09.16"]
[Round "1"]
[White "Merino Araguas Jose Javier (ESP)"]
[Black "Guerra Mendez Jose Angel (CUB)"]
[Result "0-1"]
[WhiteElo "1863"]
[BlackElo "2408"]

1.d4 Nf6 2.c4 g6 3.Nc3 Bg7 4.e4 d6 5.f3 O-O 6.Be3 Nc6 7.Qd2 a6 8.Nge2 Rb8
9.Nc1 e5 10.d5 Nd4 11.Nb3 c5 12.dxc6 bxc6 13.Nxd4 exd4 14.Bxd4 Re8 15.Be2 d5
16.cxd5 Rb4 17.Bxf6 Bxf6 18.Rb1 Rd4 19.Qc2 cxd5 20.O-O dxe4 21.Nxe4 Be5
22.Rbd1 f5 23.Ng3 Be6 24.b3 Qb6 25.Kh1 Rc8 26.Qb1 Rh4 27.f4 Bxf4 28.Rf3 Be5
29.Rfd3 f4 30.Nf1 Bf5 31.Rc1 Rf8 32.Qc2 f3 {#R} 0-1

[Event "Ch Finland (team) 2009/10"]
[Site "masterchessopen.com – Finland"]
[Date "2009.09.26"]
[Round "2"]
[White "Lehtivaara Petri (FIN)"]
[Black "Hartikainen Markku (FIN)"]
[Result "1-0"]
[WhiteElo "2369"]
[BlackElo "2322"]

1.d4 Nf6 2.c4 g6 3.Nc3 Bg7 4.e4 d6 5.f3 O-O 6.Be3 Nc6 7.Nge2 a6 8.Qd2 Rb8
9.Rc1 Re8 10.g3 Bd7 11.Nd1 b5 12.c5 b4 13.Bg2 Na5 14.b3 Bb5 15.cxd6 cxd6
16.Nf2 Nc6 17.d5 Ne5 18.O-O a5 19.Rfd1 Rc8 20.Nd4 Bd7 21.h3 e6 22.f4 exd5
23.exd5 Rxc1 24.Rxc1 Bh6 25.fxe5 Bxe3 26.Qxe3 Rxe5 27.Qd2 Nxd5 28.Nf3 {#r} 1-0

[Event "Bayern Oberliga 2009/10"]
[Site "masterchessopen.com – Bayern (Germany)"]
[Date "2009.10.18"]
[Round "1"]
[White "Unzicker Ferdinand (GER)"]
[Black "Maurer Jochen (GER)"]
[Result "1-0"]
[WhiteElo "2332"]
[BlackElo "2212"]

1.d4 Nf6 2.c4 g6 3.Nc3 Bg7 4.e4 d6 5.f3 O-O 6.Be3 Nc6 7.Nge2 a6 8.Qd2 Rb8 9.h4
h5 10.Nc1 e5 11.d5 Nd4 12.Nb3 Nxb3 13.axb3 c5 14.Be2 Bd7 15.Nd1 Ne8 16.g4 hxg4
17.fxg4 f5 18.gxf5 gxf5 19.Bg5 Qb6 20.Rg1 f4 21.Bh5 Qxb3 22.Bh6 Kh7 23.Bxe8
Bxh6 24.Bxd7 Qxc4 25.Ra4 Qb3 26.Qc3 Qxc3+ 27.Nxc3 b5 28.Rxa6 Ra8 29.Bf5+ Kh8
30.Rxd6 {#r} 1-0

[Event "Ch World (juniors) (under 20)"]
[Site "masterchessopen.com – Puerto Madryn (Argentina)"]
[Date "2009.10.29"]
[Round "8"]
[White "Morales Ra"]
[Black "Catelli Hernan (ARG)"]
[Result "0-1"]
[WhiteElo "1941"]
[BlackElo "2200"]

1.d4 Nf6 2.c4 g6 3.Nc3 Bg7 4.e4 d6 5.f3 O-O 6.Be3 Nc6 7.Nge2 a6 8.Qd2 Rb8
9.O-O-O b5 10.Ng3 bxc4 11.Bxc4 e5 12.d5 Nd4 13.Bh6 c5 14.dxc6 Bxh6 15.Qxh6 Qb6
16.Qd2 Qxc6 17.Bd5 Nxd5 18.exd5 Qb6 19.h4 Bd7 20.h5 Rfc8 21.Ne4 Bf5 22.Rh4 Qa5
23.Nf6+ Kg7 {#R} 0-1

[Event "Extra League 2009/10"]
[Site "masterchessopen.com – Czech Republic"]
[Date "2009.12.06"]
[Round "4"]
[White "Haba Petr (CZE)"]
[Black "Skacelik Petr (CZE)"]
[Result "1-0"]
[WhiteElo "2533"]
[BlackElo "2269"]

1.d4 Nf6 2.c4 g6 3.Nc3 Bg7 4.e4 d6 5.f3 O-O 6.Be3 Nc6 7.Nge2 a6 8.Qd2 Rb8
9.Rb1 e6 10.b4 Nd7 11.c5 Ne7 12.Nc1 d5 13.Nb3 b5 14.Be2 c6 15.O-O Bb7 16.Bh6
Bxh6 17.Qxh6 f5 18.exd5 Nxd5 19.Nxd5 exd5 20.Rfe1 Qc7 21.Bd3 Nf6 22.Re5 Rbe8
23.Rbe1 Bc8 24.Na5 Rxe5 25.Rxe5 Re8 26.Qf4 Bd7 27.g3 Kf7 28.Re7+ {#r} 1-0

[Event "It (open) \"]
[Site "masterchessopen.com – Milan (Italy)"]
[Date "2010.01.03"]
[Round "3"]
[White "Gaggino Davide (ITA)"]
[Black "Scagliotti Guglielmo (ITA)"]
[Result "1-0"]
[WhiteElo "1905"]
[BlackElo "1781"]

1.d4 Nf6 2.c4 g6 3.Nc3 Bg7 4.e4 d6 5.f3 O-O 6.Be3 Nc6 7.Qd2 Rb8 8.Nge2 a6
9.Nc1 e5 10.d5 Ne7 11.Be2 Nd7 12.g4 Nf6 13.Bh6 c6 14.h4 Kh8 15.h5 Bxh6 16.Qxh6
Nfg8 17.Qe3 f6 18.hxg6 Nxg6 19.Nd3 b5 20.dxc6 bxc4 21.Qa7 Qe7 22.Qxb8 cxd3
23.Bd1 Nf4 24.c7 d5 25.Qb6 dxe4 26.Nxe4 f5 27.gxf5 Bxf5 28.Qc5 Qg7 29.Rg1 {#r}
1-0

[Event "Tournament (open)"]
[Site "masterchessopen.com – Hellersdorf (Germany)"]
[Date "2010.01.10"]
[Round "4"]
[White "Steffen Rico"]
[Black "Koenig Frank (GER)"]
[Result "0-1"]
[WhiteElo "1948"]
[BlackElo "1972"]

1.d4 Nf6 2.c4 g6 3.Nc3 Bg7 4.e4 d6 5.f3 O-O 6.Be3 Nc6 7.Nge2 a6 8.Qd2 Rb8 9.g4
b5 10.cxb5 axb5 11.Ng3 b4 12.Nce2 Ba6 13.h4 Na5 14.b3 c5 15.Bh6 e5 16.d5 c4
17.Bxg7 Kxg7 18.h5 Ng8 19.Rb1 c3 20.Qc1 Bd3 21.Ra1 Nb7 22.Ng1 Nc5 23.Nh3 Qh4
24.Kf2 Bxf1 25.Qxf1 Nh6 26.Ng1 Nxg4+ 27.fxg4 Nxe4+ 28.Ke3 Qxg3+ 29.Qf3 f5
30.hxg6 hxg6 31.gxf5 Qg5+ 32.Kd3 Qd2+ 33.Kc4 Qd4# 0-1

[Event "Ch Bulgaria (1/2 final)"]
[Site "masterchessopen.com – Plovdiv (Bulgaria)"]
[Date "2010.01.25"]
[Round "3"]
[White "Stanoev Atanas (BUL)"]
[Black "Berbatov Kiprian (BUL)"]
[Result "0-1"]
[WhiteElo "2227"]
[BlackElo "2461"]

1.d4 Nf6 2.c4 g6 3.Nc3 Bg7 4.e4 d6 5.f3 O-O 6.Be3 Nc6 7.Qd2 a6 8.Nge2 Rb8
9.Rc1 Bd7 10.Nd1 b5 11.c5 e6 12.Nf2 b4 13.g3 Ne7 14.Bg2 Bb5 15.O-O Nd7 16.Rfd1
a5 17.Qc2 Qc8 18.f4 Qa6 19.Rd2 e5 20.fxe5 dxc5 21.dxc5 Nxe5 22.Nd4 Nc4 23.Bg5
Nxd2 24.Nxb5 Qxb5 25.Bxe7 Rfe8 26.Bg5 b3 27.Qxd2 bxa2 28.Nd1 Bxb2 29.Nxb2 Qxb2
30.Qe1 Qxc1 {#R} 0-1

[Event "Ch Ukraine (juniors) (under 18)"]
[Site "masterchessopen.com – Kiev (Ukraine)"]
[Date "2010.01.27"]
[Round "2"]
[White "Soroka Danilo"]
[Black "Kurayan Ruslan (UKR)"]
[Result "0-1"]
[WhiteElo "2017"]
[BlackElo "2276"]

1.d4 Nf6 2.c4 g6 3.Nc3 Bg7 4.e4 d6 5.f3 O-O 6.Be3 Nc6 7.Nge2 a6 8.Qd2 Rb8
9.Nc1 e5 10.d5 Nd4 11.Nb3 c5 12.dxc6 bxc6 13.Nxd4 exd4 14.Bxd4 d5 15.cxd5 cxd5
16.e5 Nd7 17.f4 Re8 18.Be2 Bh6 19.O-O Nxe5 20.b3 Nc6 21.Bc5 Qa5 22.Bd6 d4
23.Bxb8 dxc3 24.Qd3 Nxb8 25.Bf3 Bf5 26.Qd6 Bf8 27.Qd5 Qxd5 28.Bxd5 Bc5+ 29.Kh1
c2 30.a3 Bd4 31.Ra2 Bc3 32.g4 Bd3 33.Kg1 Bd4+ {#R} 0-1

[Event "Ch PriFO (open)"]
[Site "masterchessopen.com – Naberezhnye Chelny (Russia)"]
[Date "2010.01.27"]
[Round "9"]
[White "Akhmadeev Vadim (RUS)"]
[Black "Poniaev Ruslan (RUS)"]
[Result "1-0"]
[WhiteElo "2421"]
[BlackElo "2300"]

1.d4 Nf6 2.c4 g6 3.Nc3 Bg7 4.e4 d6 5.f3 O-O 6.Be3 Nc6 7.Qd2 a6 8.Nge2 Rb8 9.h4
b5 10.h5 e5 11.d5 Na5 12.Ng3 bxc4 13.Na4 c5 14.dxc6 Be6 15.Ba7 Nxc6 {#r} 1-0

[Event "Czech League 2009/10 (2nd) (f)"]
[Site "masterchessopen.com – Czech Republic"]
[Round "6"]
[White "Kulistak Milan (CZE)"]
[Black "Miturova Magdalena (CZE)"]
[Result "0-1"]
[WhiteElo "2026"]
[BlackElo "2131"]

1.d4 Nf6 2.c4 g6 3.Nc3 Bg7 4.e4 d6 5.f3 O-O 6.Be3 Nc6 7.Qd2 a6 8.Nge2 Rb8 9.h4
h5 10.g4 hxg4 11.h5 gxf3 12.h6 Bh8 13.h7+ Nxh7 14.Ng3 f5 15.Qh2 Rf7 16.exf5
gxf5 17.O-O-O e5 18.Bh6 Bf6 19.Bd3 Nxd4 20.Rdg1 Kh8 21.Nxf5 Bxf5 22.Bxf5 Nxf5
23.Bg7+ Rxg7 24.Rxg7 Bg5+ 25.Kb1 Nh6 26.Rg6 Qf8 27.Qc2 f2 28.Rf1 Ng4 29.Nd5 c6
30.Qe4 Nh2 {#R} 0-1

[Event "Ch City"]
[Site "masterchessopen.com – Saratov (Russia)"]
[Date "2010.02.27"]
[Round "4"]
[White "Petukhov Dmitry (RUS)"]
[Black "Biryukov Dmitriy (RUS)"]
[Result "0-1"]
[WhiteElo "2309"]
[BlackElo "2384"]

1.d4 d6 2.c4 g6 3.Nc3 Bg7 4.e4 Nf6 5.f3 O-O 6.Be3 Nc6 7.Nge2 a6 8.Qd2 Rb8
9.Nc1 e5 10.d5 Ne7 11.Nb3 Ne8 12.g4 f5 13.gxf5 gxf5 14.O-O-O Nf6 15.Rg1 fxe4
16.Nxe4 Nxe4 17.fxe4 Ng6 18.Kb1 Qh4 19.Qg2 Bh6 20.Bxh6 Qxh6 21.Be2 Rf4 22.Rd3
Bd7 23.Rg3 Rbf8 24.Rf1 Kh8 25.Nc1 Nh4 26.Qg1 Rxf1 27.Bxf1 Nf3 28.Rxf3 Rxf3
29.Be2 Qe3 {#R} 0-1

[Event "Tournament (weekend)"]
[Site "masterchessopen.com – Asti (Italy)"]
[Date "2010.04.17"]
[Round "3"]
[White "Astengo Marcello (ITA)"]
[Black "Di-Chiara Mauro (ITA)"]
[Result "0-1"]
[WhiteElo "2064"]
[BlackElo "1949"]

1.d4 Nf6 2.c4 d6 3.Nc3 g6 4.e4 Bg7 5.f3 O-O 6.Be3 Nc6 7.Nge2 a6 8.Qd2 Rb8
9.Rc1 e5 10.d5 Ne7 11.c5 Nd7 12.c6 bxc6 13.dxc6 Nc5 14.Ng3 Nxc6 15.Nd5 Nd4
16.Bc4 Nce6 17.O-O c5 18.Rf2 h5 19.Rc3 h4 20.Nf1 f5 21.Qd3 Kh7 22.Bxa6 Bxa6
23.Qxa6 fxe4 24.fxe4 Rxf2 25.Bxf2 Rxb2 26.Rh3 g5 27.Qa7 Qf8 28.Bxd4 Nxd4
29.Nde3 Qf2+ 30.Kh1 Ne2 {#R} 0-1

[Event "Czech League 2009/10 (2nd) (a)"]
[Site "masterchessopen.com – Czech Republic"]
[Date "2010.04.18"]
[Round "11"]
[White "Burdik Lubomir (CZE)"]
[Black "Folk Petr (CZE)"]
[Result "0-1"]
[WhiteElo "2215"]
[BlackElo "2242"]

1.c4 Nf6 2.Nc3 g6 3.e4 d6 4.d4 Bg7 5.f3 O-O 6.Be3 Nc6 7.Nge2 a6 8.Qd2 Rb8
9.Nc1 e5 10.d5 Nd4 11.Nb3 c5 12.dxc6 bxc6 13.Nxd4 exd4 14.Bxd4 d5 15.exd5 cxd5
16.c5 Re8+ 17.Be2 Rb4 18.Bf2 d4 19.Ne4 Nxe4 20.fxe4 Rxb2 21.Qxb2 d3 22.Qd2
Rxe4 23.Be3 Qh4+ 24.g3 Qe7 25.Kf2 Bh6 26.Qxd3 Rxe3 27.Qc4 Qf6+ 28.Kg2 Qc6+
29.Kf2 Bh3 {#R} 0-1